|
|
|
|
| LEADER |
00942nam a22002777a 4500 |
| 001 |
42537 |
| 003 |
BD-DhAAL |
| 005 |
20240911122156.0 |
| 008 |
240430t2005 enk||||| |||| 00| 0aeng d |
| 020 |
|
|
|a 9781447249498
|
| 040 |
|
|
|a BD-DhAAL
|d BD-DhAAL
|
| 082 |
|
|
|a 813.54
|2 22
|
| 100 |
|
|
|a Banville, John.
|9 56182
|
| 245 |
|
|
|a The Sea /
|c John Banville.
|
| 264 |
|
|
|a London :
|b Picador,
|c 2013.
|
| 300 |
|
|
|a 263 pages ;
|c 20 cm.
|
| 526 |
|
|
|a AAL
|
| 541 |
|
|
|a R K Corporation
|e 42537
|
| 586 |
|
|
|a Man Booker Prize for Fiction, 2005.
|
| 650 |
|
|
|a Authors
|v Fiction.
|9 56293
|
| 650 |
|
|
|a Widowers
|v Fiction.
|
| 650 |
|
|
|a Seaside resorts
|v Fiction.
|9 56294
|
| 650 |
|
|
|a Middle-aged men
|v Fiction.
|9 6000
|
| 942 |
|
|
|2 ddc
|c BK
|
| 999 |
|
|
|c 46484
|d 46484
|
| 952 |
|
|
|0 0
|1 0
|2 ddc
|4 0
|6 813_540000000000000_BAN
|7 0
|9 75400
|a BRACUL
|b BRACUL
|c AWC
|d 2024-04-28
|e R K Corporation
|g 1820.00
|l 7
|m 7
|o 813.54 BAN
|p 3010042537
|r 2025-08-04
|s 2025-07-22
|t 1
|v 1820.00
|w 2024-04-28
|y AWC
|